Normal view
MARC view
Entry Personal Name
001 - CONTROL NUMBER
- control field: 65750
003 - CONTROL NUMBER IDENTIFIER
- control field: OSt
005 - DATE AND TIME OF LATEST TRANSACTION
- control field: 20160730122812.0
008 - FIXED-LENGTH DATA ELEMENTS
- fixed length control field: 160730|| aca||aabn | a|a d
040 ## - CATALOGING SOURCE
- Original cataloging agency: OSt
- Transcribing agency: OSt
100 ## - HEADING--PERSONAL NAME
- Personal name: Sehgal, Kapil
670 ## - SOURCE DATA FOUND
- Source citation: Work cat.: (OSt): Sehgal, Kapil , Basic Communication Skills , 2015









